banner-ar

INTELLIGENT ENTERPRISE: A KNOWLEDGE AND SERVICE BASED PARADIGM FOR INDUSTRY / (Record no. 20984)

MARC details
000 -الفاتح
حقل البيانات ثابتة الطول 00580nam a2200193Ia 4500
008 - عناصر البيانات ثابتة الطول - معلومات عامة
حقل البيانات ثابتة الطول 140319s9999 xx 000 0 eng d
040 ## - مصدر الفهرسة
وكالة الفهرسة الأصلية GCL /
وكالة النسخ GCL
082 04 - رقم تصنيف ديوى العشرى
رقم التصنيف 658.514
رقم المادة Q I
100 1# - المدخل الرئيسى - إسم شخصى
الإسم الشخصى QUINN, JAMES B.
245 10 - بيان العنوان
العنوان INTELLIGENT ENTERPRISE: A KNOWLEDGE AND SERVICE BASED PARADIGM FOR INDUSTRY /
بيان المسئوليه,etc QUINN, JAMES B.
260 ## - PUBLICATION, DISTRIBUTION, ETC. (IMPRINT)
تاريخ النشر أو التوزيع 1992
300 ## - الوصف المادى
التعداد 473 P
650 04 - المدخل الاضافى بالموضوع-مصطلح موضوعى
مصطلح موضوعي ORGANIZATIONAL EFFECTIVENESS
650 04 - المدخل الاضافى بالموضوع-مصطلح موضوعى
مصطلح موضوعي TECHNOLOGICAL INNOVATIONS
650 04 - المدخل الاضافى بالموضوع-مصطلح موضوعى
مصطلح موضوعي ORGANIZATIONAL CHANGE
650 04 - المدخل الاضافى بالموضوع-مصطلح موضوعى
مصطلح موضوعي CUSTOMER SERVICE
942 ## - عناصر المدخل الإضافي( كوها)
مصدر التصنيف او مخطط الترفيف Dewey Decimal Classification
Koha [default] item type كتاب
260 ## - PUBLICATION, DISTRIBUTION, ETC. (IMPRINT)
-- [S.N] :
-- THE FREE PRESS ،
Holdings
حالة التراجع حالة الفقد حالة تلف ليس للاعارة المكان المؤقت الموقع الحالى تاريخ الاكتساب اجمالي اﻻعارات رقم الطلب الباركود تاريخ اخر مشاهدة تاريخ تفعيل السعر نوع وعاء كوها
        مكتبة القاهرة الكبرى مكتبة القاهرة الكبرى 03/26/2014   658.514\Q I 39024 03/26/2014 03/26/2014 كتاب

Powered By

EGPV